| 000 | 00848nam a2200265 4500 | ||
|---|---|---|---|
| 003 | OSt | ||
| 005 | 20260530113850.0 | ||
| 008 | 260418b2010 espd|||| |||| 00| 0 spa d | ||
| 020 | _a9788492643509 | ||
| 040 |
_aICI _bspa _cICI |
||
| 041 | _aspa | ||
| 050 |
_aTS171.4 _bV53 |
||
| 100 | 1 |
_aVladás Xénia _dautor _931127 |
|
| 245 | 1 | 0 |
_aEl diseño a su servicio _bCómo mejorar la idea de un negocio ayuadado por un diseñador _cXénia Viladas |
| 260 |
_aBarcelona : _bIndex Book _c2010 |
||
| 264 | 1 |
_bIndex Book _c2010 _aBarcelona |
|
| 300 |
_a162 páginas _bilustraciones |
||
| 336 |
_atexto _2rdacontent |
||
| 337 |
_asin medio _2rdamedia |
||
| 338 |
_avolumen _2rdacarrier |
||
| 650 |
_aDiseño _92672 |
||
| 650 |
_aServicios de diseño _xAdministración _931128 |
||
| 650 |
_aDiseño, Servicios de _xMercadotecnia _931129 |
||
| 942 |
_2ddc _cBK |
||
| 999 |
_c11419 _d11419 |
||